01549 a2200241 45000010003000000050017000030080041000200030015000610400040000760800056001162450053001720200022002252500011002472640034002583000023002925050712003151000021010277000021010487000043010697000024011127000031011368560140011679620260407155410.0260407a2001 arg spa dAR-UNSa-BCEJYS aAR-UNSa-BCEJYSbspacAR-UNSa-BCEJYS a519.2xProbabilidades y estadística matemática 10aEstadística para administración y economía a978-970-10-3361-6 a3a. ed 1aMéxico :bMcGraw-Hillc2001 axix, 575 p.c25 cm a1. ¿Qué es la estadística? - 2. Descripción de datos: Distribuciones de frecuencia y presentación gráfica - 3. Descripción de datos: Medidas de posición y de dispersión - 4. Una revisión de los conceptos de probabilidad - 5. Ditribuciones de probabilidad discreta - 6. La distribución de probabilidad normal - 7. Métodos y distribuciones de muestreo - 8. Pruebas de hipótesis: Muestras grandes - 9. Pruebas de hipótesis: Muestras pequeñas - 10. Análisis de varianza - 11. Regresión y correlación lineales - 12. Análisis de regresión y de correlación múltiple - 13. Métodos no paramétricos: Aplicaciones de ji cuadrada - 14. Control estadístico de la calidad 1 aLind, Douglas A.1 aMason, Robert D.1 aHano Roa, María del Carmen Enriqueta1 aMarchal, William G.1 aJolly Vallejo, Juan Carlos41uhttps://biblioeco.unsa.edu.ar/pmb/images/libros/Estadistica para administracion de economia2-l116701.jpgyImagen de portadaqimage/jpeg